Economic surveys: Brazil

Uloženo v:
Podrobná bibliografie
Korporace: OECD (Autor), Organisation for Economic Co-Operation and Development (Autor)
Médium: Kniha
Jazyk:angličtina
Vydáno: París OECD 2005
Edice:Economic Surveys, 2
Témata:
Tagy: Přidat tag
Žádné tagy, Buďte první, kdo vytvoří štítek k tomuto záznamu!

MARC

LEADER 00000nam a2200000 a 4500
001 UCI6937
003 CL-VaPUC
008 080530e20050000FR |||||||||||||||||eng|d
020 |a 9264007474 
082 0 4 |a 338.81  |b OEC  |2 21 
110 2 |a OECD  |e author  |9 530005 
710 2 |a Organisation for Economic Co-Operation and Development  |e author  |9 530006 
245 1 0 |a Economic surveys: Brazil 
300 |a 160 p 
942 |c BK 
945 |d 20080530 00:00:00  |a jtorresc 
260 |a París  |b OECD  |c 2005 
650 0 |a Desarrollo económico  |9 259599 
650 0 |a Sistema monetario   |9 371822 
651 0 |a Brasil  |9 267393 
583 |a last modification  |c 20080530 00:00:00  |k Rodrigo Vera 
490 0 |a Economic Surveys, 2 
999 |c 330370  |d 330368 
952 |0 0  |1 0  |4 0  |6 338_810000000000000_OEC_2005  |7 0  |8 A  |9 415872  |a BIBGIM  |b BIBGIM  |d 2019-11-22  |i 4444345  |o 338.81 OEC 2005  |p 4444345  |r 2025-01-15  |w 2019-11-22  |y BK  |k OCD